[Event "VIII Iberoamericano Mexico 2022"]
[Site "Mexico City"]
[Date "2022.02.15"]
[Round "4.27"]
[White "Ocampo, Cristina"]
[Black "Herrera Ortiz, Miguel"]
[Result "0-1"]
[WhiteElo "2024"]
[BlackElo "2297"]
[Annotator "TA"]
[PlyCount "125"]
[EventDate "2022.02.12"]
[EventType "swiss"]
[EventCountry "MEX"]
[SourceTitle "playchess.com"]
[Source "ChessBase"]
[SourceQuality "1"]

{[%evp 16,125,12,-12,11,19,41,0,42,0,0,-19,-18,-6,-6,-18,-1,-108,-104,-112,-128,-117,-75,-75,-65,-61,-44,-22,-30,-38,16,-50,97,0,83,74,93,49,105,8,3,-30,-33,-85,-79,-73,-56,-56,-39,-108,-108,-107,-101,-118,-116,-114,-115,-73,-78,-198,-161,-268,-265,-244,-267,-254,-35,-19,-33,-29,-43,-158,-31,-32,-29,-40,0,0,8,-26,-26,-26,-26,-26,-26,-26,-26,-152,-214,-349,-314,-270,-116,-517,-375,-4758,-4731,-29991,-29958,-29975,-29976,-29988,-29976,-29989,-29980,-29990,-29980,-29977,-29977,-29977,-29977,-29976]} 1. e4 e5 2. Nf3 Nc6 3. Bb5 a6 4. Ba4 Nf6 5. d3 d6 6. c4 g6 7. Nc3 Bg7 8. O-O O-O 9. h3 h6 {C77: Ruy Lopez: 3...a6 4 Ba4 Nf6, unusual lines.} 10. Be3 Kh7 {[#]} 11. Bc2 $146 (11. Rc1 $14) ({Predecessor:} 11. Nd5 Ne8 12. d4 exd4 13. Nxd4 Nxd4 14. Bxd4 c6 15. Bxg7 Kxg7 16. Qd4+ Nf6 17. Nxf6 Qxf6 {½-½ (59) Kovanova,B (2343)-Kjartansson,G (2467) Chess.com INT 2020}) 11... Nb4 (11... Nh5 $11) 12. Bb1 (12. d4 $14 {was preferrable.}) 12... c5 $11 13. Ne1 Nh5 14. a3 Nc6 15. Nd5 Be6 16. g4 (16. Nf3 $11) 16... Nf4 $1 $17 17. Nxf4 exf4 18. Bxf4 Bxb2 (18... h5 $142 19. Nf3 Bf6) 19. Ra2 Be5 {Black is more active.} 20. Be3 f5 (20... Bd4 $5 {[%cal Rb7b5]}) 21. exf5 gxf5 22. f4 $1 Bg7 (22... Bd4 $15 23. Bxd4 Nxd4) 23. g5 (23. Rg2 $1 $11) 23... d5 (23... Bf7 $15 {keeps the upper hand.}) 24. Rg2 (24. Bxc5 $16 Rg8 25. Re2 Bd4+ 26. Bxd4 Nxd4 27. Rb2) 24... d4 (24... Nd4 $1 $11 {remains equal.}) 25. Bd2 $16 Bf7 {Inhibits Qh5.} 26. Qf3 (26. Nf3 $16) 26... hxg5 (26... Ne7 $14) 27. Rxg5 (27. fxg5 $16 {aiming for Bf4.} Qd6 28. Qf4 (28. Qxf5+ Bg6 $11) 28... Qxf4 29. Bxf4) 27... Qd7 $11 28. Kh1 Bh6 29. Rg3 ({Better is} 29. Rgg1 $15) 29... Rg8 30. Rfg1 Rxg3 31. Qxg3 Rg8 32. Qf2 (32. Qh4 $15) 32... b5 $17 33. Nf3 {[#]} Rxg1+ 34. Kxg1 bxc4 35. dxc4 Bxc4 36. Ng5+ (36. Qh4 $142) 36... Kg7 37. Nf3 (37. Qg2 $17) 37... Qe6 38. Nh4 (38. Ng5 {was called for.} Qd5 39. h4) 38... Ne7 $19 39. Qg2+ Kf7 40. Qf3 Qf6 $2 (40... Kg8 $19 {Hoping for ...Bg7.} 41. Kf2 Bd5) 41. Qh5+ $15 Ke6 {Threatens to win with ...d3.} 42. Nxf5 $1 Nxf5 {Dancing on a razor blade.} 43. Bxf5+ (43. Qe8+ $1 $15 Kd6 44. Qb8+ Kd7 45. Qb7+ Ke8 46. Qc8+ Kf7 47. Bxf5) 43... Kd6 ({Black should play} 43... Qxf5 $17 44. Qxh6+ Kf7) 44. Qg4 Bd5 {White must now prevent ...c4.} 45. Bc8 $1 {[%csl Gc8][%cal Rg4d7] [#]} Bc6 {To avoid Qd7+. Strongly threatening ...c4.} (45... Be6 $2 46. Qxe6+ Qxe6 47. Bxe6 Kxe6 48. f5+ Kxf5 49. Bxh6 $18) 46. Bxa6 Bd5 47. Bc8 {[%csl Gc8][%cal Rg4d7]} Qg7 $36 {[%mdl 2048] To avoid Qd7+. Black has good play.} 48. Kf2 c4 49. Bb4+ Kc6 50. Qxg7 Bxg7 $11 {[%mdl 4096] Endgame KBB-KBB} 51. Ke2 (51. Bf5 $11) 51... Be4 $17 {[%mdl 1024] Black has strong compensation.} 52. Be6 (52. a4 {keeps fighting.} Bd3+ 53. Kd2) 52... Bd3+ $19 ({Weaker is} 52... c3 53. Bc4 $17) 53. Kd1 ({Of course not} 53. Kd2 Bh6 54. Kd1 Bxf4 $19) 53... c3 (53... Bh6 $19 54. h4 Bxf4) 54. Bb3 $2 {[%mdl 8192] White does not recover from this.} (54. a4 $17 {nothing else works.}) 54... Be4 {And now ...d3 would win.} 55. Bc4 $2 (55. Ke2 Bh6 56. Ba4+ Kc7 57. Kd1) 55... d3 {( -> ...Bf3+)} 56. h4 Bd4 {Black mates.} 57. Bxd3 Bxd3 58. h5 Kb5 59. h6 Ka4 60. f5 Bxf5 61. Ke2 Kb3 62. Kf3 c2 63. Bd2 {Weighted Error Value: White=0.59/Black=0.32} 0-1

[Event "VIII Iberoamericano Mexico 2022"]
[Site "Mexico City"]
[Date "2022.02.15"]
[Round "4.31"]
[White "Tapie Amione, Pablo Adib"]
[Black "Martin Del Campo Cardenas, Jorge"]
[Result "1/2-1/2"]
[WhiteElo "2241"]
[BlackElo "2019"]
[Annotator "TA"]
[PlyCount "51"]
[EventDate "2022.02.12"]
[EventType "swiss"]
[EventCountry "MEX"]
[SourceTitle "playchess.com"]
[Source "ChessBase"]
[SourceQuality "1"]

{[%evp 11,51,28,38,19,19,-166,39,43,30,24,35,13,5,21,17,0,25,20,81,89,94,50,89,74,102,68,63,0,0,0,0,-30,-18,-29,-41,-26,-30,-44,-26,-43,-43,-101]} 1. e4 c5 2. Nf3 d6 3. d4 cxd4 4. Nxd4 Nf6 5. Nc3 Nc6 6. Bg5 Qb6 7. Bb5 {B60: Sicilian: Richter-Rauzer: Unusual Black 6th moves and 6...Bd7 without 7 Qd2.} Bd7 8. Nb3 {[#]} (8. Bxf6 $11 {and White is okay.} gxf6 9. Nf5) 8... e6 $2 (8... Nxe4 $1 $19 {[%mdl 512]} 9. Nxe4 Qxb5) 9. Bxf6 $14 {White is slightly better.} gxf6 10. a4 {[%cal Ba2a4,Ba4a5][%mdl 32]} a6 {[#]} 11. a5 $1 Qc7 {[#]} 12. Bxc6 $146 ({Predecessor:} 12. Be2 Bg7 13. Qd2 Ne7 14. Bd3 Bc6 15. O-O d5 16. Qe2 dxe4 17. Bxe4 f5 18. Bxc6+ Qxc6 {0-1 (109) Sedlak,N (2563)-Lupulescu,C (2592) Pleven 2010}) 12... Bxc6 13. Qh5 O-O-O 14. Nd4 Rd7 {[#]} (14... Be8 $1 $11) 15. O-O $1 $16 ({But not} 15. Nxc6 Qxc6 16. O-O Qc5 $14) 15... Kb8 16. Qe2 {White is much more active. Black has bad knights.} (16. Nxc6+ Qxc6 17. Qh4 Bg7 $11) ({White should play} 16. Rfd1 $16) 16... Bg7 17. Rfd1 ({Much less strong is} 17. Nxc6+ Qxc6 18. Na4 Rdd8 $14) 17... Rg8 {[%cal Of6f5]} 18. Nxc6+ Qxc6 19. Rd4 (19. g3 $1 $14) 19... Rc7 20. Raa4 Qd7 21. Rab4 {Threatens to win with Qxa6.} f5 22. Rd1 Bxc3 23. bxc3 {Qxa6 is the strong threat.} Qc6 24. Rdb1 Kc8 25. Qh5 {[%csl LRf5,LRh7]} Qxc3 26. g3 {Weighted Error Value: White=0.32/Black=0.28 (precise)} (26. exf5 $15 Qxc2 27. fxe6) 1/2-1/2

[Event "VIII Iberoamericano Mexico 2022"]
[Site "Mexico City"]
[Date "2022.02.15"]
[Round "4.33"]
[White "Zacarias, M Ruben D"]
[Black "Munoz Ricardo, Wasdin Antonio"]
[Result "1-0"]
[WhiteElo "2174"]
[BlackElo "1745"]
[Annotator "TA"]
[PlyCount "59"]
[EventDate "2022.02.12"]
[EventType "swiss"]
[EventCountry "MEX"]
[SourceTitle "playchess.com"]
[Source "ChessBase"]
[SourceQuality "1"]

{[%evp 12,59,45,53,64,28,71,60,97,89,95,97,90,94,108,116,118,59,178,179,237,219,227,205,461,474,785,777,760,771,783,780,832,822,838,822,871,869,935,933,943,939,1059,1039,1056,1047,29973,29974,5539,5346]} 1. e4 c5 2. Nf3 e6 3. d4 cxd4 4. Nxd4 a6 5. Bd3 Nc6 6. Nxc6 bxc6 7. O-O Bc5 {B42: Sicilian: Kan Variation: 5 Bd3.} 8. Kh1 {[#]} h5 $146 (8... d5 $11 {is more appropriate.}) ({Predecessor:} 8... Qh4 9. f4 Nf6 10. Qe1 Qxe1 11. Rxe1 Ng4 12. h3 Nf2+ 13. Kh2 Nxd3 14. cxd3 d5 15. Nd2 {1-0 (35) Mekhitarian,K (2500)-Bernardo Santos,J Caxias do Sul 2010}) 9. e5 $16 Ne7 {White is slightly better.} 10. Nd2 {Strongly threatening Ne4.} d5 {[#] To avoid Ne4} 11. exd6 $1 Bxd6 12. Ne4 Bc7 13. b3 {White is more active.} Nd5 {[#]} 14. Ba3 (14. f4 $1 $16) 14... Be5 (14... f5 $14) 15. c4 $18 Nf4 (15... Ne7 $142 16. Bc2 Ra7 17. Qxd8+ Kxd8) 16. Bc2 {And now Qf3 would win.} Qxd1 17. Raxd1 {[%cal Ba1d1,Bd1d6,Bd6e6,Be6e5,Be5e7][%mdl 32]} Bb7 $2 (17... h4 18. Bc5 a5) 18. Bd6 f5 (18... Ng6 $142 19. Bxe5 Nxe5 20. Nd6+ Ke7 21. Nxb7 g5) 19. Bxe5 {Black must now prevent Nd6+.} fxe4 20. Bxf4 c5 21. Be3 Rc8 22. Rd6 O-O 23. Rxe6 Rc7 24. Rd1 Bc8 25. Re5 Bg4 26. Rd6 a5 27. h3 Bc8 28. Bxe4 {Bd5+ is the strong threat.} a4 29. Bd5+ Rcf7 30. Re7 {Weighted Error Value: White=0.06 (flawless) /Black=0.56} 1-0

[Event "VIII Iberoamericano Mexico 2022"]
[Site "Mexico City"]
[Date "2022.02.15"]
[Round "4.41"]
[White "Guevara Sanchez, Erick Marvin"]
[Black "Paredes Guzman, Francisco Javier"]
[Result "1/2-1/2"]
[WhiteElo "2145"]
[BlackElo "1891"]
[Annotator "TA"]
[PlyCount "108"]
[EventDate "2022.02.12"]
[EventType "swiss"]
[EventCountry "MEX"]
[SourceTitle "playchess.com"]
[Source "ChessBase"]
[SourceQuality "1"]

{[%evp 10,108,-5,-15,25,-34,-26,-29,-25,-42,-44,-50,-45,-53,-43,-96,-91,-105,-108,-105,0,0,0,0,1,0,0,-1677,11,3,30,-139,0,-32,714,0,0,0,0,0,0,0,0,0,0,0,0,0,70,0,0,0,75,82,147,133,154,138,279,98,89,26,62,62,92,62,38,42,36,18,17,15,15,16,16,25,50,17,18,43,498,445,381,0,0,0,0,0,947,14,364,0,1396,1110,818,564,12837,0,0,0,0]} 1. g3 g6 2. Bg2 Bg7 3. f4 d5 4. Nf3 Nf6 5. d3 O-O 6. O-O Nbd7 {A03: Bird's Opening with 1...d5.} 7. Qe1 (7. Nc3 $11) 7... Re8 $15 {[%cal Bf8e8,Be8e5,Be5h5,Bh5h3][%mdl 32]} 8. Nc3 {[#]} e5 $146 {Black has an edge.} ({Predecessor:} 8... c6 9. e4 e5 10. Nxe5 Nxe5 11. fxe5 Rxe5 12. Kh1 dxe4 13. dxe4 Ng4 14. h3 Rh5 {0-1 (41) Butkiewicz,L (2432)-Sosna,J (2367) Czech Republic 2014}) 9. fxe5 Nxe5 10. Nxe5 Rxe5 11. Bf4 Rh5 12. Nb5 (12. d4 $15) 12... Bh3 13. Bxh3 ({Don't blunder} 13. Nxc7 $2 Bxg2 14. Kxg2 Rc8 $19) (13. Bxc7 $2 Qd7 14. Bxh3 Qxb5 $19) 13... Rxh3 14. Bg5 c6 (14... Rh5 $1 $17 {[%cal Rh5g5]} 15. Bxf6 Bxf6) 15. Qf2 $36 {[%csl LRa7,LRf6][%mdl 2048] White is more active.} cxb5 16. Bxf6 Bxf6 17. Qxf6 Qxf6 18. Rf2 $2 {[%mdl 8192]} (18. Rxf6 $11 Re8 19. Re1) 18... Qf4 $2 19. Rxf4 {[%mdl 4096] Endgame KRR-KRR} Rc8 20. Rf6 $2 (20. c3 $11) 20... d4 ({Black should play} 20... Rxc2 $17 21. Rf2 Rh5) 21. c3 Rh4 $2 {[%mdl 8192]} 22. Rc1 $2 ({Only move:} 22. gxh4 $18 dxc3 23. bxc3) 22... Rh5 23. c4 bxc4 24. Rxc4 Rxc4 25. dxc4 {KR-KR} Ra5 26. a3 Ra4 27. c5 Rc4 28. b4 Rc2 (28... Kf8 $11) 29. Kf1 (29. Rd6 $1 $14) 29... Rc3 30. Rf3 {Strongly threatening Rxc3.} Rc4 (30... Kg7 $11 {remains equal.}) 31. Ke1 $1 $16 a5 (31... Rc1+ $142 32. Kd2 Ra1) 32. Rb3 a4 33. Rf3 Rc2 (33... Rc1+ $16 {might work better.} 34. Kd2 Ra1) 34. Rd3 $2 (34. Rf6 $1 $18 {is the precise move to win.}) 34... Ra2 35. Kd1 ({Better is} 35. Rxd4 $16 {aiming for Rd7.} Rxa3 36. Rd7) 35... Kf8 36. Rxd4 Rxa3 37. Rd7 Rb3 (37... Ra1+ $2 38. Kc2 $18) 38. Rxb7 a3 39. Ra7 {Threatens to win with c6.} (39. Kd2 {with more complications.} Ke8 40. c6 Kd8 41. Ra7 h5 42. b5) 39... Rxb4 40. Rxa3 Rc4 41. Ra5 Ke7 42. Kd2 Ke6 43. Kd3 Rc1 44. Ra6+ Kd5 $2 {[%mdl 8192]} (44... Ke5 $14) 45. Rf6 $18 Rh1 46. Rxf7 $2 ({White should try} 46. c6 $18) 46... Rxh2 $11 47. Rc7 {Black must now prevent e4+.} Rh3 48. e4+ Ke5 $2 {[%mdl 8192]} (48... Ke6 $11) 49. Re7+ $1 $18 Kf6 {[#]} 50. Rd7 (50. Re8 $1 $18 {Hoping for c6.} Kf7 51. Re5 Rxg3+ 52. Kd4) 50... Ke6 $2 {[%mdl 8192]} (50... Rxg3+ $11 51. Kd4 Rg1 52. Rxh7 Rd1+ 53. Kc4 g5) 51. Rd6+ Ke7 52. Kd4 Rxg3 {[#]} 53. Ra6 $2 (53. Rd5 $1 $18 {And now c6 would win.} Ra3 54. c6 Ra4+ 55. Kc5 Rxe4 56. Rd7+ (56. c7 Re1 $18) 56... Ke8 57. Rd6 (57. Rxh7 Kd8 $11)) 53... h5 $11 54. Ra7+ Ke6 {A wild game.  Weighted Error Value: White=0.77/Black=0.63} 1/2-1/2

[Event "VIII Iberoamericano Mexico 2022"]
[Site "Mexico City"]
[Date "2022.02.15"]
[Round "4.45"]
[White "Lopez Garcia, Miguel Angel"]
[Black "Martinez Morales, Geovanni"]
[Result "1/2-1/2"]
[WhiteElo "1710"]
[BlackElo "2098"]
[Annotator "NA"]
[PlyCount "39"]
[EventDate "2022.02.12"]
[EventType "swiss"]
[EventCountry "MEX"]
[SourceTitle "playchess.com"]
[Source "ChessBase"]
[SourceQuality "1"]
[TimeControl "5400+30"]

1. e4 {[%emt 0:00:33]} e6 {[%emt 0:00:10]} 2. d4 {[%emt 0:00:09]} d5 {[%emt 0:00:08]} 3. Nc3 {[%emt 0:00:04]} Bb4 {[%emt 0:00:12]} 4. e5 {[%emt 0:00:05]} c5 {[%emt 0:00:22]} 5. a3 {[%emt 0:00:06]} Bxc3+ {[%emt 0:00:05]} 6. bxc3 {[%emt 0:00:04]} Ne7 {[%emt 0:00:17]} 7. Qg4 {[%emt 0:01:09]} Qc7 {[%emt 0:00:08]} 8. Qxg7 {[%emt 0:00:05]} Rg8 {[%emt 0:00:09]} 9. Qxh7 {[%emt 0:00:04]} Nbc6 {[%emt 0:00:27]} 10. Ne2 {[%emt 0:01:24]} cxd4 {[%emt 0:00:23]} 11. f4 {[%emt 0:00:16]} dxc3 {[%emt 0:00:29]} 12. Qd3 {[%emt 0:00:28]} Bd7 {[%emt 0:00:16]} 13. Qxc3 {[%emt 0:17:32]} Nf5 {[%emt 0:01:45]} 14. h3 {[%emt 0:08:03]} d4 {[%emt 0:12:10]} 15. Qd3 {[%emt 0:04:44]} O-O-O {[%emt 0:00:45]} 16. g4 {[%emt 0:03:55]} Nh4 {[%emt 0:04:02]} 17. Qg3 {[%emt 0:00:55]} Qa5+ {[%emt 0:02:31]} 18. Kf2 $14 {[%emt 0:09:20]} Rh8 {[%emt 0:13:33]} 19. Bb2 {[%emt 0:10:26]} Qd5 {[%emt 0:11:42]} 20. Rh2 {[%emt 0:41:08]} 1/2-1/2

[Event "VIII Iberoamericano Mexico 2022"]
[Site "Mexico City"]
[Date "2022.02.15"]
[Round "4.46"]
[White "Ruiz Perez, Juan Octavio"]
[Black "Cordero Jimenez, Alexander"]
[Result "1-0"]
[WhiteElo "2074"]
[BlackElo "1597"]
[Annotator "ChessBase"]
[PlyCount "91"]
[EventDate "2022.02.12"]
[EventType "swiss"]
[EventCountry "MEX"]
[SourceTitle "playchess.com"]
[Source "ChessBase"]
[SourceQuality "1"]
[TimeControl "5400+30"]

1. e4 {[%emt 0:00:04]} d6 {[%emt 0:00:31]} 2. d4 {[%emt 0:00:13]} Nf6 {[%emt 0:00:10]} 3. Nc3 {[%emt 0:00:07]} e5 {[%emt 0:00:10]} 4. Nf3 {[%emt 0:00:32]} Nbd7 {[%emt 0:00:17]} 5. Bc4 {[%emt 0:00:36]} Be7 {[%emt 0:00:31]} 6. O-O {[%emt 0:01:06]} O-O {[%emt 0:00:37]} 7. Re1 {[%emt 0:00:29]} c6 {[%emt 0:00:18]} 8. a4 {[%emt 0:00:22]} Qc7 {[%emt 0:00:26]} 9. h3 {[%emt 0:04:07]} a5 {[%emt 0:03:28]} 10. Ba2 {[%emt 0:00:55]} h6 {[%emt 0:00:12]} 11. Be3 {[%emt 0:00:42]} Re8 {[%emt 0:01:12]} 12. Nh4 {[%emt 0:09:40]} Nf8 {[%emt 0:02:06]} 13. Qf3 {[%emt 0:06:19]} Bd8 {[%emt 0:13:34]} 14. d5 {[%emt 0:13:36]} Nxd5 {[%emt 0:09:32]} 15. exd5 {[%emt 0:01:48]} Bxh4 {[%emt 0:00:22]} 16. dxc6 {[%emt 0:00:23]} bxc6 {[%emt 0:00:22]} 17. Nb5 {[%emt 0:01:22]} cxb5 {[%emt 0:03:52]} 18. Qxa8 {[%emt 0:00:15]} bxa4 {[%emt 0:01:35]} 19. Qe4 {[%emt 0:01:17]} Be7 {[%emt 0:01:35]} 20. Qxa4 {[%emt 0:07:06]} Bd7 {[%emt 0:01:56]} 21. Qc4 {[%emt 0:01:08]} Qxc4 {[%emt 0:00:44]} 22. Bxc4 {[%emt 0:00:03]} a4 {[%emt 0:00:37]} 23. b3 {[%emt 0:02:20]} Rc8 {[%emt 0:01:52]} 24. Bd5 {[%emt 0:01:07]} axb3 {[%emt 0:00:37]} 25. cxb3 {[%emt 0:00:14]} Be6 {[%emt 0:00:45]} 26. Bxe6 {[%emt 0:01:05]} fxe6 {[%emt 0:00:55]} 27. b4 {[%emt 0:02:08]} d5 {[%emt 0:00:50]} 28. Reb1 {[%emt 0:00:10]} d4 {[%emt 0:00:38]} 29. Bd2 {[%emt 0:04:24]} Rc2 {[%emt 0:05:56]} 30. Be1 {[%emt 0:01:43]} e4 {[%emt 0:02:07]} 31. Rc1 {[%emt 0:06:28]} Re2 {[%emt 0:01:55]} 32. b5 {[%emt 0:01:16]} Bg5 {[%emt 0:00:46]} 33. Rcb1 {[%emt 0:14:08]} d3 {[%emt 0:00:44]} 34. b6 {[%emt 0:02:58]} Kh7 {[%emt 0:00:50]} 35. Bb4 {[%emt 0:03:07]} Nd7 {[%emt 0:00:43]} 36. Bd6 {[%emt 0:00:19]} Bf6 {[%emt 0:01:12]} 37. Ra6 {[%emt 0:15:23]} Bd4 {[%emt 0:08:54]} 38. b7 {[%emt 0:00:00]} d2 {[%emt 0:04:20]} 39. Bb4 {[%emt 0:00:00]} Bc5 {[%emt 0:02:47]} 40. Ba5 {[%emt 0:00:00]} Rxf2 {[%emt 0:00:38]} 41. Rc6 {[%emt 0:00:00]} Rf8+ {[%emt 0:00:39]} 42. Rxc5 {[%emt 0:00:00]} Nxc5 {[%emt 0:02:07]} 43. Bxd2 {[%emt 0:00:00]} Nd7 {[%emt 0:04:51]} 44. Be3 {[%emt 0:00:00]} Kg6 {[%emt 0:00:37]} 45. Ba7 {[%emt 0:00:00]} Kf5 {[%emt 0:00:32]} 46. Rf1+ {[%emt 0:00:00]} 1-0

[Event "VIII Iberoamericano Mexico 2022"]
[Site "Mexico City"]
[Date "2022.02.15"]
[Round "4.48"]
[White "Macias Zamora, Jose Armando"]
[Black "Gutierrez Herrera, Jose Antonio"]
[Result "1-0"]
[WhiteElo "1488"]
[BlackElo "2059"]
[Annotator "ChessBase"]
[PlyCount "47"]
[EventDate "2022.02.12"]
[EventType "swiss"]
[EventCountry "MEX"]
[SourceTitle "playchess.com"]
[Source "ChessBase"]
[SourceQuality "1"]
[TimeControl "5400+30"]

1. e4 {[%emt 0:00:41]} Nf6 {[%emt 0:00:12]} 2. e5 {[%emt 0:00:40]} Nd5 {[%emt 0:00:06]} 3. c4 {[%emt 0:01:09]} Nb6 {[%emt 0:00:09]} 4. d4 {[%emt 0:00:17]} d6 {[%emt 0:00:08]} 5. exd6 {[%emt 0:00:23]} exd6 {[%emt 0:00:12]} 6. Nc3 {[%emt 0:01:54]} Be7 {[%emt 0:00:15]} 7. Nf3 {[%emt 0:03:21]} Bf5 {[%emt 0:00:41]} 8. Bd3 {[%emt 0:00:29]} Bxd3 {[%emt 0:02:57]} 9. Qxd3 {[%emt 0:00:15]} N8d7 {[%emt 0:00:08]} 10. O-O {[%emt 0:02:03]} O-O {[%emt 0:00:08]} 11. Bd2 {[%emt 0:11:26]} Re8 {[%emt 0:17:22]} 12. Rfe1 {[%emt 0:20:14]} Nf8 {[%emt 0:01:23]} 13. b4 {[%emt 0:08:09]} c6 {[%emt 0:07:00]} 14. d5 {[%emt 0:10:36]} Qd7 {[%emt 0:03:58]} 15. Rac1 {[%emt 0:02:46]} Ng6 {[%emt 0:03:26]} 16. Ne4 {[%emt 0:01:30]} cxd5 {[%emt 0:00:50]} 17. cxd5 {[%emt 0:00:08]} Rac8 {[%emt 0:03:49]} 18. Be3 {[%emt 0:02:31]} Rxc1 {[%emt 0:03:33]} 19. Rxc1 {[%emt 0:00:27]} Bd8 {[%emt 0:00:35]} 20. Nc3 {[%emt 0:13:24]} a6 {[%emt 0:14:57]} 21. Ne2 {[%emt 0:09:38]} Qa4 {[%emt 0:08:06]} 22. a3 {[%emt 0:00:44]} Qd7 {[%emt 0:07:09]} 23. Ng3 {[%emt 0:02:56]} Ne5 {[%emt 0:07:54]} 24. Qd1 {[%emt 0:06:16]} 1-0

[Event "VIII Iberoamericano Mexico 2022"]
[Site "Mexico City"]
[Date "2022.02.15"]
[Round "4.50"]
[White "Castellanos Gonzalez, Mariano"]
[Black "Arvizu Borchardt, David Ivan"]
[Result "0-1"]
[WhiteElo "1438"]
[BlackElo "1987"]
[Annotator "TA"]
[PlyCount "164"]
[EventDate "2022.02.12"]
[EventType "swiss"]
[EventCountry "MEX"]
[SourceTitle "playchess.com"]
[Source "ChessBase"]
[SourceQuality "1"]

{[%evp 14,164,20,0,0,0,0,0,0,0,19,0,3,-22,-14,-25,-16,-62,-47,-70,-70,-58,-54,-57,-62,-63,-16,-16,0,0,14,-42,0,-3,0,0,0,0,0,-42,-52,-46,0,-30,-14,-122,0,0,0,-88,-98,-139,-137,-199,-130,-132,-111,-99,-94,-130,-35,-42,0,-108,8,8,8,8,8,18,33,38,43,43,46,48,99,106,284,273,305,306,306,289,288,291,306,279,292,84,134,118,146,8,62,0,0,0,0,0,0,0,44,51,62,-579,216,163,29987,19,19,19,19,-8,0,0,0,0,83,83,83,0,0,0,18,8,20,0,6,0,0,0,0,0,8,8,15,16,42,42,59,0,0,0,46,0,71,46,46,0,0,0,0]} 1. Nf3 Nf6 2. g3 g6 3. Bg2 Bg7 4. O-O c5 5. d3 O-O 6. c4 Nc6 7. Nc3 e5 8. e4 h6 {A30: Symmetrical English: Double Fianchetto and Hedgehog.} 9. h3 d6 10. Be3 Kh7 11. a3 {[#]} Ne8 $146 ({Predecessor:} 11... a6 12. Qd2 Nd4 13. Bxd4 cxd4 14. Nd5 Nxd5 15. cxd5 f5 16. Qb4 fxe4 17. dxe4 a5 {0-1 (49) Belenov,D (2303)-Aleshin,O (2370) Essentuki 2003}) 12. Ne1 Nc7 13. Nd5 Nxd5 (13... Nd4 {is more complex.} 14. Nf3 Nxd5 15. cxd5 f5 16. Nxd4 exd4 17. Bd2 fxe4 18. dxe4 Bd7) 14. cxd5 Nd4 15. Bxd4 (15. Nf3 $11) 15... cxd4 $15 16. f4 exf4 17. gxf4 Qh4 18. Qf3 Bd7 19. Qf2 Qf6 {Black is more active.} (19... Qxf2+ $15 20. Rxf2 f5) 20. Qg3 $11 Rac8 21. Nf3 Rc2 22. Rf2 (22. e5 $1 $11 Qe7 23. Rf2) 22... Rfc8 (22... Rxf2 $1 $15 23. Kxf2 Rc8) 23. Raf1 Rxf2 24. Rxf2 Rc1+ 25. Kh2 Rd1 26. Rd2 (26. Bf1 $1 $11) 26... Rxd2 $15 27. Nxd2 g5 (27... Bb5 $15) 28. fxg5 hxg5 29. Nc4 (29. Bf3 $11) 29... Bf8 (29... b5 $1 $17 {[%cal Rb5c4]} 30. Na5 (30. Nxd6 Qe7 $17) 30... Qh6) 30. Qf3 Qg6 31. Na5 (31. Qf2 $1 $11) 31... Bg7 $17 32. Nc4 (32. Nxb7 $2 g4 33. hxg4 Bxg4 $19) (32. a4 $142) 32... b5 $1 33. Na5 (33. Nd2 $17) 33... Be5+ (33... g4 $19 34. hxg4 Bxg4) 34. Kg1 g4 35. hxg4 Bxg4 36. Qf2 Qh5 ({Better is} 36... Qg5 $17 37. Nc6 (37. Qxf7+ $2 Kh6 $19) 37... Bf4) 37. Kf1 Bd7 (37... Qg5 $15 {was preferrable.} 38. Nb3 (38. Qxf7+ $2 Kh6 $19) 38... Kg6) 38. Bf3 (38. Ke1 $11 {remains equal.}) 38... Bh3+ (38... Qg5 $17 {White must now prevent ...Bg3.} 39. Nb3 a5) 39. Ke2 Qg5 40. Kd1 Qf4 41. Qe2 Bg7 42. Kc2 (42. Nb3 Bd7 $11) 42... Bh6 43. Qd1 {To avoid Qc1+} Qh2+ 44. Kb1 Kg7 (44... a6 $14) 45. Nc6 $16 {[%csl LRa7,LRd4]} Be3 $2 (45... Qf2 $16) 46. Nxa7 $18 {Strongly threatening Bg4.} Bd7 47. Bg4 Be8 48. Nc8 Bg5 49. Bf5 Kf8 50. Qc2 Qg3 51. b4 $2 (51. Ka2 $18) 51... Qe1+ (51... Bf4 $142) 52. Kb2 Bf4 53. Na7 ({White should play} 53. Bg4 $16) 53... Bd2 $1 $11 54. Nc6 (54. Kb3 $1 $14) 54... Bc3+ $1 55. Kb3 f6 56. Bg4 {Prevents Bh5.} Qa1 57. Na7 Qg1 (57... f5 $1 $11 58. Be2 (58. exf5 Qh1 $17) (58. Bxf5 Bh5 $11) 58... Bd7) 58. Bd1 $14 Ke7 59. Nc6+ $2 {[%mdl 8192]} (59. a4 $1 $14 {keeps the upper hand.} bxa4+ 60. Kc4) 59... Kd7 $4 {[%mdl 8192]} (59... Bxc6 $19 {and life is good for Black.} 60. Bf3 Bd7) 60. a4 bxa4+ (60... Kc7 $18) 61. Kxa4 $2 (61. Kc4 {mates} Bg6 62. Qxa4 Ke8 63. Qa8+ Kf7 64. Nd8+ Kg8 65. Ne6+ Kh7 66. Qb7+ Bf7 67. Qxf7+ Kh8 68. Qh5+ Kg8 69. Bg4) 61... Kc7 $11 62. b5 Kb6 $1 63. Qb1 {[#]} Bh5 $1 {[%mdl 64] Pin} 64. Bc2 Qg8 {[%cal Of6f5]} 65. Kb3 {Hoping for Qa2.} Bf7 (65... Qa8 $1 $11 66. Qa2 (66. Kc4 {leads to mate.} Qa3 67. e5 fxe5 68. Nb8 Be8 69. Nc6 Bd2) 66... Qxa2+ 67. Kxa2 Kxb5) 66. Kc4 $16 {Threatening mate with Qa2.} Qa8 {To avoid Qa2} 67. Nxd4 (67. Qb3 $16) 67... Qa3 $11 {( -> ...Qc5+). Chess con chili.} 68. Nc6 {Threatens to win with Qg1+.} Qc5+ (68... Bd2 $5 69. Qg1+ Kb7 $11) 69. Kb3 Bd2 70. Ka4 f5 71. Qb3 fxe4 72. dxe4 Bh5 73. Qd3 Bc3 74. Bb3 Bb2 {[%csl Gb2][%cal Rc5a3] This bishop pair is nice.} 75. Nb4 $1 (75. Bc2 {[#]} Be2 $1 {[%mdl 512]} 76. Nb8 Qg1 $1 77. Kb3 Bxd3 78. Bxd3 Qc1 79. Bc2 Bd4 80. Bd3 Qb2+ 81. Ka4 Bc5 82. Nd7+ Kb7 83. Nxc5+ dxc5 84. Bf1 Qb4#) 75... Be8 {[%cal Re8b5]} 76. Bc4 Bh5 77. Bb3 ({White should try} 77. Kb3 $14) 77... Be8 {[%cal Re8b5]} 78. Bc4 Qg1 (78... Bh5 $1 $11 {should be considered.}) 79. Qd2 (79. Nc2 $14) 79... Bc1 (79... Qa1+ $11 {keeps the balance.} 80. Ba2 Bxb5+ 81. Kb3 Bd4) 80. Qe2 Qd4 {[%cal Oe8h5] And now ...Bh5! would win.} 81. Qd3 (81. Qc2 $14 Qa1+ 82. Na2) 81... Qa1+ 82. Ba2 Qb2 {[%mdl 32768] Both players deserved the win here.  Weighted Error Value: White=0.42/Black=0.43. Loss on time!?} 0-1